Lyrics to "Looking For" by Brenn! - Statistics

General Stats
  • This quiz has been taken 7 times
  • The average score is 221 of 364
Answer Stats
Answer % Correct
I
100%
a
67%
ain't
67%
all
67%
am
67%
Am
67%
are
67%
baby
67%
back
67%
But
67%
Cause
67%
change
67%
come
67%
could
67%
couldn't
67%
day
67%
Did
67%
didn't
67%
Do
67%
do
67%
doing?
67%
Don't
67%
don't
67%
driving?
67%
driving
67%
either
67%
even
67%
ever
67%
far
67%
for
67%
For
67%
going?
67%
home
67%
hope
67%
How
67%
how
67%
I'm
67%
in
67%
is
67%
It
67%
it's
67%
It's
67%
I've
67%
know?
67%
know
67%
look
67%
looking
67%
make
67%
maybe
67%
me
67%
myself
67%
of
67%
Our
67%
out
67%
pray
67%
right
67%
road
67%
running
67%
say
67%
see
67%
the
67%
time
67%
to
67%
us
67%
wanna
67%
we
67%
we're
67%
were
67%
What
67%
what
67%
Where
67%
Why
67%
You
67%
you
67%
you're
67%
alone
33%
always
33%
And
33%
angry
33%
Aren't
33%
be
33%
before
33%
better
33%
break
33%
broken
33%
burned
33%
burns
33%
can't
33%
catch
33%
changed
33%
changing?
33%
faithless?
33%
find
33%
full
33%
Give
33%
gonna
33%
goodbye
33%
hate
33%
have
33%
haven't
33%
holes
33%
I'd
33%
just
33%
Just
33%
keep
33%
keys
33%
leave
33%
like
33%
loved
33%
memory
33%
more
33%
much
33%
not
33%
off
33%
put
33%
reason?
33%
same
33%
sent
33%
story
33%
take?
33%
that
33%
that's
33%
there's
33%
thing
33%
this
33%
This
33%
this?
33%
thought
33%
through
33%
Throw
33%
told
33%
was
33%
No matching quizzes found
Score Distribution
Percent of People with Each Score
Percentile by Number Answered
Your Score History
You have not taken this quiz